| 000 | 00477cam a22001337a 4500 | ||
|---|---|---|---|
| 008 | 180718b1956 xxu||||| |||| 00| 0 eng d | ||
| 082 | _aDx47 Sm53 | ||
| 100 | _aSmith, C. Jay | ||
| 245 |
_aRussian struggle for power, 1914-1917: a study of Russian foreign policy during the first world war _cby C. Jay Smith |
||
| 260 |
_aNew York _bPhilosphical Library _c1956 |
||
| 300 | _axv, 553p | ||
| 650 | _aRussia --Foreign relations --1894-1917 | ||
| 650 | _aWorld War, 1914-1918 --Russia | ||
| 999 |
_c424068 _d424068 |
||